000 00889nam a2200301 a 4500
001
003 DO-SdBNP
005 20211116105902.0
008 091002s2002 dr a 000 p spa d
020 _a9993402702
040 _aDO-SdBNP
_bspa
_cBPMSU
041 1 7 _aspa
_2eng
082 _aRD861.44
_bS194t 2002
_222
100 1 _aSánchez Beras, César,
_d1962-
240 _aTroves of the sea
245 1 0 _aTrovas del mar = Troves of the sea /
_cCésar Sánchez Beras.
246 1 3 _aTroves of the sea
260 _aSanto Domingo :
_bBúho,
_c2002.
300 _a137 p. :
_bil. ;
_c22 cm.
500 _aIncluye datos biográficos del autor en la solapa de la cubierta
534 _3
546 _aTexto en inglés y español
590 _aInventariado, 2021/VM
650 4 _aPoesía dominicana
650 4 _aLiteratura dominicana.
910 _aVMateo V.
942 _2ddc
_cBK
999 _c13875
_d13875